000 00922nam a2200229Ia 4500
003 GCL
008 140319s9999 xx 000 0 ara d
020 _a*074376977
040 _aGCL /
_cGCL
082 0 4 _a956.903
_bز م
100 1 _aزينب عبدالعزيز
245 1 0 _aمن حائط البراق الى جدار العار :
_bالذى سماه اليهود ظلما وعدوانا حائط المبكى /
_cزينب عبدالعزيز
700 1 _aعلى جمعة
260 _aالقاهرة :
_bدار الكتاب العربى ،
_c2004
300 _a256 ص ؛
_c25 سم
490 _aصليبية الغرب وحضارته
_v6
650 0 4 _aالنزاع العربى الاسرائيلى
650 0 4 _aالصهيونية
650 0 4 _aالوثائق الدبلوماسية
650 0 4 _aفلسطين - تاريخ - العصر الحديث - الاحتلال الصهيونى
942 _2ddc
_cBK
999 _c51125
_d51125